header

Qualitative research and hypermedia (Record no. 240543)

MARC details
000 -LEADER
fixed length control field 01415nam a22003614a 4500
100 1# - MAIN ENTRY--AUTHOR NAME
Personal name Dicks, Bella.
245 10 - TITLE STATEMENT
Title Qualitative research and hypermedia
260 ## - PUBLICATION, DISTRIBUTION, ETC. (IMPRINT)
Place of publication Thousand Oaks, CA :
Name of publisher SAGE Publications,
Year of publication 2005.
300 ## - PHYSICAL DESCRIPTION
Number of Pages viii, 200 p.
650 #0 - SUBJECT ADDED ENTRY--TOPICAL TERM
Topical Term Ethnology
Topical Term Ethnology
Topical Term Ethnology
Topical Term Internet.
Topical Term Database searching.
700 1# - ADDED ENTRY--PERSONAL NAME
Personal name Coffey, Amanda,
Personal name Mason, Bruce.
856 40 - ELECTRONIC LOCATION AND ACCESS
Uniform Resource Identifier http://site.ebrary.com/lib/rucke/Doc?id=10218244

No items available.

© 2026 Rongo University
Contact us: librarian | system librarian | Rongo university